000 01550nam a2200205 a 4500
008 011117t1979 ag |||g |||| 000 1 spa d
020 _aS/N
041 _aspa
092 _c808
_l46
_sKUR
100 1 _aKurteff, Aida
_93529
245 4 _aLos araucanos en el misterio de los Andes /
_cAida Kurteff
250 _a1a ed.
260 _aBuenos Aires:
_bPlus Ultra;
_c1979.
300 _a157 p.
500 _aKurteff, A. (1979). Los araucanos en el misterio de los Andes. (1a ed.). Buenos Aires : Plus Ultra.
505 _aLos indígenas de América y sus culturas, náufragos de la antigüedad remota que sobreviven en el complejo de la civilización contemporánea, convalidan el interés por conocer quiénes son y qué fueron esos pueblos de enigmático origen que habitaban milenariamente nuestras tierras y que hoy se nos aparecen como incrustaciones preciosas, singulares, dentro del enorme mosaico racial y cultural de América. Con el presente volumen "Los araucanos en el misterio de los Andes", Aida Kurtelf -su autora- nos acerca al misterioso origen de estos antiguos pobladores que ocupaban gran parte del territorio chileno y de la Patagonia y en las pampas argentinas. Pero, sobre todo, es un intento por develarnos los caracteres esenciales -y originales- de la religión araucana. Escrito en lenguaje fluido y ameno, interesará tanto a los estudiosos como al lector deseoso por conocer vida y costumbres de los indígenas.
590 _aDonación. Proyecto Literatura 4to libro
655 _aLiteratura
_92917
942 _2ddc
_cLIT
999 _c2699
_d2699